| 000 | 00683cam a2200181 a 4500 | ||
|---|---|---|---|
| 020 | _a0471106364 (cloth : alk. paper) | ||
| 082 | 0 | 0 |
_a620.1/183 _bHER _cNUST-, P-27 |
| 100 | 1 |
_aHerakovich, Carl T. _941008 |
|
| 245 | 1 | 0 |
_aMechanics of fibrous composites / _cCarl T. Herakovich. |
| 260 |
_aNew York : _bWiley, _cc1998. |
||
| 300 |
_axx, 460 p. : _bill. ; _c26 cm. |
||
| 526 |
_a0 _b0 _c0 _d620_118300000000000_HER |
||
| 526 |
_a0 _b0 _c0 _d620_118300000000000_HER |
||
| 650 | 0 |
_aFibrous composites _xMechanical properties. _941009 |
|
| 856 | 4 | _uhttp://www.loc.gov/catdir/toc/onix04/97028361.html | |
| 856 | 4 | 2 | _uhttp://www.loc.gov/catdir/description/wiley033/97028361.html |
| 942 |
_2ddc _cBK |
||
| 999 |
_c545216 _d545216 |
||